000 01471nmc a2200469 a 4500
003 AR-BaBNM
005 20251128205345.0
008 011101s1980 ||||||||||||||000 | spa||
020 _a84-7522-622-I
040 _cAR-BaBNM
100 1 _aElkonin, Daniil B.
245 1 0 _aPsicología del juego
260 _aMadrid
_bVisor
_c1980
300 0 _a288 p.
490 0 _aAprendizaje
_vv. 22
500 0 _aAnexo: Fragmento de los apuntes de Lev Semionovich Vygotvsky para unas conferencias de psicología de los párvulos: p. 275-282
504 _aBibliografía: p. 283-288
600 1 4 _aVigotsky, Liev Semiónovich
_d1896-1934
600 1 4 _aGroos, K.
600 1 4 _aBuytendijk , Frederik Jacobus Johannes
_d1887-1974
650 4 _aPSICOLOGIA DE LA EDUCACION
650 4 _aJUEGO
650 4 _aPSICOLOGIA DEL NINO
650 4 _aJUGUETES
650 4 _aINTERACCION SOCIAL
650 4 _aINTERACCION CULTURAL
650 4 _aRELACIONES INTERPERSONALES
650 4 _aCOMPORTAMIENTO SOCIAL
650 4 _aTEORIAS DEL APRENDIZAJE
650 4 _aDESARROLLO DEL NINO
650 4 _aDESARROLLO COGNOSCITIVO
650 4 _aEGOCENTRISMO
653 0 _aPSICOLOGIA COGNITIVA
700 1 _aLinaza, Josetxu
_eprologuista
700 1 _aUribes, Venancio
_etraductor
800 1 _aAlvarez, Amelia
_edirector
800 1 _aColl, César
_edirector
800 1 _aPalacios, Jesús
_edirector
800 1 _aDel Río, Pablo
_edirector
942 _cBK
998 _csilvi
999 _c11080
_d11080